History Quiz

Random History or Decade Quiz

German History by the Decade Quiz Stats

 Plays Quiz not verified by Sporcle

Challenge
Share
Tweet
Embed
Score 0/14 Timer 06:00
0 Plays Today
% Correct
1940s
94.1%
1930s
93%
1920s
85.4%
1990s
85%
1980s
83%
2000s
79.8%
1910s
78.2%
% Correct
1970s
75.3%
1960s
69.2%
1950s
64.8%
1870s
63.1%
1900s
52.3%
1890s
45.1%
1880s
39.7%

You're not logged in!

Compare scores with friends on all Sporcle quizzes.
Join for Free
OR
Log In

You Might Also Like...

Show Comments

Extras

Top Quizzes Today


Score Distribution

Your Account Isn't Verified!

In order to create a playlist on Sporcle, you need to verify the email address you used during registration. Go to your Sporcle Settings to finish the process.

Report this User

Report this user for behavior that violates our Community Guidelines.

Details: